| 000 | 00942nam a2200241Ia 4500 | ||
|---|---|---|---|
| 003 | OSt | ||
| 005 | 20220923220825.0 | ||
| 006 | a|||||r|||| 00| 0 | ||
| 007 | ta | ||
| 008 | 220922b |||||||| |||| 00| 0 hin d | ||
| 024 | _a190,995 | ||
| 037 | _cTextual | ||
| 040 |
_aARTS _cARTS _bhin |
||
| 041 |
_2hin _ahin |
||
| 082 | _aR66x1:g(W94), 152M9 | ||
| 100 | _aविष्णुदत्त, संपा. | ||
| 245 | 0 | _aभारतीय अस्मिता और राष्ट्रीय चेतना के आधार श्री जगद्गुरू आध शंकराचार्य | |
| 246 | _aBhāratīya asmitā aur rāṣhṭrīya chetanā ke ādhār shrī jagadgurū ādh shankarāchārya | ||
| 260 |
_aहरि _b ार _c1989 |
||
| 300 |
_afofo/k iq0 _ccm. |
||
| 942 |
_hR66x1:g(W94), 152M9 _cTEXL _2CC |
||
| 999 |
_c343716 _d343716 |
||